01485cam a22003255i 4500999001700000003000900017005001700026008004100043020001800084040004300102082001900145100004100164245005500205250002300260264003000283300002300313336002600336337002800362338002700390500002900417520027700446650003900723650002900762651001000791653001700801653002400818942001200842952016000854952014501014 c17787d17759EG-ScBUE20200309122331.0131205r20092003enk f 000 f eng d a9780751536140 aEG-ScBUEbengerdacEG-ScBUEdEG-ScBUE04a813.6bALB2221 aAlbom, Mitch,d1958-eauthor.91563314aThe five people you meet in heaven /cMitch Albom. aReprinted edition. 1aLondon : bSphere,c2009. a231 pages ;c19 cm atextbtxt2rdacontent aunmediatedbn2rdamedia avolumebnc2rdacarrier aFirst published : 2003. aWeaves three stories about 83-year-old Eddie, the head maintenance person at Ruby Point Amusement park. Eddie meets 5 individuals in heaven each with a story to share, a secret to reveal and a lesson. They have profound meanings for Eddie on the real purpose of his life.  7aFuture lifevFiction2BUEsh934548 7aAmerican Fiction.2BUEsh 2BUEsh cDecember2013 bHHUUEENNcMarch2020 2ddccBB 00102ddc40708sorazbkaMAINbMAINc2NDd2013-12-05ePurchaseg25.00l5m38o813.6 ALBp000029700r2026-02-10 00:00:00s2019-10-03v31.25w2013-12-05yBB 00102ddc40708unknownaMAINbMAINc2NDd2020-03-09ePurchasel1m2o813.6 ALBp000048940r2024-06-11 00:00:00s2023-09-27w2020-03-09yNB